000 00660nam a2200205 i 4500
001 83451
003 ES-MaACL
005 20230906174829.0
007 t|
008 041117s1965 sp ||||1| spa d
100 1 _aIrizar, Joaquín de.
_965480
245 1 4 _aLas casas vascas :
_btorres, palacios, caseríos, chalets, mobiliario /
_cJoaquín de Yrizar.
260 _aBilbao :
_bVillar,
_c1965.
300 _a138 p., 10 lám. ;
_c24 cm.
490 1 _aBiblioteca vascongada "Villar" ;
_v2
650 4 _aViviendas-
_zPaís Vasco.
_9170179
830 1 _aBiblioteca vascongada "Villar" ;
_v2
_9230319
852 4 _aES-MaACL
_jC-28448
999 _c83451
_d83451